| 000 | 00429nam a22001697a 4500 | ||
|---|---|---|---|
| 005 | 20180625113426.0 | ||
| 008 | 160614b xxu||||| |||| 00| 0 eng d | ||
| 020 | _a81-297-0082-4 | ||
| 041 | _aeng | ||
| 082 |
_b7451 _a658 |
||
| 100 |
_aChopra, R.K. & Mohan Puneet _91589 |
||
| 245 | _aPrinciples & Practice of Management | ||
| 260 |
_bSun India Publications _c2009 |
||
| 300 | _a492 | ||
| 650 |
_aManagement _9241 |
||
| 942 | _cBK | ||
| 999 |
_c2656 _d2655 |
||